| Tag |
First Indicator |
Second Indicator |
Subfields |
| LEADER |
00000cam a2200000 4500 |
| 001 |
in00000035818 |
| 005 |
20151007063517.0 |
| 008 |
720207s1945 enkf 00010 eng u |
| 010 |
|
|
|a 46002579
|
| 035 |
|
|
|a (OCoLC)00234874
|
| 035 |
|
|
|9 AAD7569AM
|
| 040 |
|
|
|c YNG
|d TXA
|d UtOrBLW
|
| 049 |
|
|
|a TXAM
|c [310488]
|
| 050 |
|
0 |
|a PR1187
|b .B58
|
| 092 |
|
|
|a 821.08
|b B662so
|
| 100 |
1 |
|
|a Boas, Frederick S.
|q (Frederick Samuel),
|d 1862-1957.
|
| 245 |
1 |
0 |
|a Songs and lyrics from the English playbooks /
|c collected and edited by Frederick S. Boas, decorated by Hans Tisdall.
|
| 264 |
|
1 |
|a London :
|b The Cresset press,
|c [1945]
|
| 300 |
|
|
|a xvii, 258 pages including frontispiece, plates. ;
|c 23 cm.
|
| 336 |
|
|
|a text
|b txt
|2 rdacontent
|
| 337 |
|
|
|a unmediated
|b n
|2 rdamedia
|
| 338 |
|
|
|a volume
|b nc
|2 rdacarrier
|
| 500 |
|
|
|a Without music.
|
| 500 |
|
|
|a "First published mcmxlv."
|
| 650 |
|
0 |
|a Songs, English
|v Texts.
|
| 650 |
|
0 |
|a English drama.
|
| 700 |
1 |
|
|a Tisdall, Hans.
|
| 999 |
|
|
|a MARS
|
| 999 |
f |
f |
|s bd2ac95e-6ab9-3aaa-8d04-0ee34bb7b666
|i 02af10b7-830e-34e6-ab42-b7c79cd15455
|t 0
|
| 952 |
f |
f |
|p normal
|a Texas A&M University
|b College Station
|c Sterling C. Evans Library
|d Evans: Library Stacks
|t 0
|e PR1187 .B58
|h Library of Congress classification
|i unmediated -- volume
|m A14801290485
|
| 998 |
f |
f |
|a PR1187 .B58
|t 0
|l Evans: Library Stacks
|